Kapitál Kritika politickej ekonómie

Gespeichert in:
Bibliographische Detailangaben
1. Verfasser: Marx, Karl
Format: Buch
Sprache:Slowakisch
Veröffentlicht: Bratislava Pravda 1987
Ausgabe:2. vyd.
Tags: Tag hinzufügen
Keine Tags, Fügen Sie das erste Tag hinzu!

MARC

LEADER 00000nam a2200000 4500
001 c036637
005 20251104114258.1
041 0 |a slo 
044 |a SK 
245 1 0 |a Kapitál  |b Kritika politickej ekonómie  |c Karl Marx ; [Z nem. prel.] Dušan Plachtinský 
250 |a 2. vyd. 
264 1 |a Bratislava  |b Pravda  |c 1987 
300 |a 829 s. 
100 1 |a Marx, Karl